000 01050nam a2200301 a 4500
001 16196
003 BD-RjUL
005 20211208235956.0
008 161119s1975 nyua 001 0 eng d
020 _a070418004
035 _a(BD-RjUL)16251
040 _aDLC/ICU
_cICU
_dDLC
_dBD-RjUL
_beng
041 _aeng
082 0 0 _a515.1
_bMIA 1957
_223
100 1 _aMickley, Harold S.
_950110
245 1 0 _aApplied mathematics in chemical engineering /
_cby Harold S. Mickley, Thomas K. Sherwood ,Charles E. Reed.
250 _a2nd ed. , International Student ed. ,TMH ed.
260 _aNew York :
_bTata Mcgraw-Hill Publishing company Ltd.,
_cc1957 [Reprint 1975]
300 _axii, 413 p. :
_bill. ;
_c24 cm.
490 _aMcGraw-Hill chemical engineering series
500 _aIncludes Index
650 0 _aMathematical analysis.
_950112
650 0 _aMathematical physics.
_950113
700 1 _aSherwood, Thomas K
_950114
700 1 _aReed, Charies E
_950115
830 _aMcGraw-Hill chemical engineering series
_9154103
942 _2ddc
_cBK
999 _c16196
_d16196